000
00325nam a2200145Ia 4500
008
230718s9999 xx 000 0 und d
041
_a
Eng.
082
_a
546
_b
MAL-I
100
_a
Malik,Ahmad
245
0
_a
international laws
260
_a
Pakistan
_b
IRFAN LAW PUB.
_c
2012
300
_a
874
650
_a
Law
999
_c
30441
_d
30441